| 000 | 01738nam a2200505 i 4500 | ||
|---|---|---|---|
| 001 | 29807 | ||
| 003 | KOSZ 005 | ||
| 005 | 20220624121121.0 | ||
| 008 | 970510s1993 pl f |000 0 pol | ||
| 015 | _aUWD 1993/3532 | ||
| 020 | _a8301109645 | ||
| 035 | _a991000910279705066 | ||
| 035 | _a(PL-WaBN)b10280522-48omnis_nlop | ||
| 035 | _ab10280522 | ||
| 035 | _a(OCoLC)830055669 | ||
| 035 | _a(PL)b0000001028052 | ||
| 035 | _a(EXLNZ-48OMNIS_NETWORK)9910227396105606 | ||
| 040 |
_aWA N _cWA N _dKOSZ 005/EG |
||
| 041 | 1 |
_apol _hengfregerita |
|
| 080 | _a338.1(4)"13/16" | ||
| 100 | 1 |
_aMałowist, Marian _d(1909-1988) _eAutor |
|
| 245 | 1 | 0 |
_aEuropa i jej ekspansja XIV-XVII w[iek] / _cMarian Małowist ; wybór art. i wstęp Antoni Mączak ; red. nauk. Hanna Zaremska. |
| 260 |
_aWarszawa : _bWydaw. Naukowe PWN, _c1993. |
||
| 300 |
_a253, [3] s. ; _c21 cm. |
||
| 336 |
_aTekst _btxt _2rdacontent |
||
| 337 |
_aBez urządzenia pośredniczącego _bn _2rdamedia |
||
| 338 |
_aWolumin _bnc _2rdacarrier |
||
| 380 | _aKsiążki | ||
| 388 | _a1901-2000 | ||
| 388 | _a1989-2000 | ||
| 500 | _aTekst gł. tł. z ang., fr., niem. i wł. | ||
| 648 | 7 |
_a1301-1400 _2DBN |
|
| 648 | 7 |
_a1401-1500 _2DBN |
|
| 648 | 7 |
_a1501-1600 _2DBN |
|
| 648 | 7 |
_a1601-1700 _2DBN |
|
| 650 | 7 | _aGospodarka | |
| 651 | 7 |
_aEuropa _2DBN |
|
| 658 | _aGospodarka, ekonomia, finanse | ||
| 700 | 1 |
_aZaremska, Hanna _eRedakcja |
|
| 710 | 2 |
_aWydawnictwo Naukowe PWN _4pbl |
|
| 700 | 1 |
_aMączak, Antoni _d(1928-2003) _eWybór |
|
| 856 |
_uhttp://koha.tu.koszalin.pl/cgi-bin/koha/opac-detail.pl?biblionumber=29807 _yKatalog online BPK |
||
| 942 |
_2UKD _cKS |
||
| 999 |
_c29807 _d29807 |
||